Statistics for Archie quiz

Click here to take the quiz!

General Stats

  • This quiz has been taken 14 times
  • The average score is 12 of 15

Answer Stats

HintAnswer% Correct
how big is his ego an a scale of 1-100100
100%
he is ____ years old16
100%
His birthday is what of April16th
100%
How many girls has Archie liked in high school3
100%
he is in love withAmelia
100%
His frog looking best friendIsaac
100%
He love the band ____ _______The beatles
100%
He wants to also become anauthor
67%
what hairstyle did he try that everyone made fun of him forCurtains
67%
His hairy friend is_____Neil
67%
He has a job atPharmacy
67%
His favouraite board gameRisk
67%
Archie picks histoes
67%
He wants to become a whatHermit
33%
His favouraite beatles song islet it be
33%

Score Distribution

Percentile by Number Answered

Percent of People with Each Score

Your Score History

You have not taken this quiz